LEADER 01039nam a2200253 i 4500 001 000000137992 003 CaOOAMICUS 005 20091201000000.0 008 091201s1966 fr u000 u fre u 013 $a111887 040 $aSeMil$bita 100 1 $aGauthier, Paul.$0(OLS)http://semarc/name/20699 245 10$aLettres d'ouvriers aux Évêques /$cPaul Gauthier ; Préface Ch.-M. Himmer. 260 $aParis :$bLes éditions ouvrières,$cCopyr. 1966. 300 $a198 p. ;$c18 cm. 490 0 $aEglise et Monde ouvrier 650 4$aOperai - Chiesa.$0(OLS)http://semarc/subject/27145 700 1 $aHimmer, Ch.-M. .$0(OLS)http://semarc/name/55923 830 0$aEglise et Monde ouvrier.$0(OLS)http://semarc/title/21970 850 $aSeMil 852 $aSeMil$W1$xVenegono$y1$m2F I 410$j91503$B91503$CSeMilBibl$Z2$F115824 $81 961 $aRecupero: Altro 996 $6245$aLettres d'ouvriers aux Évêques$9(OLS)http://semarc/title/201664 996 $6260$aParis :$bLes éditions ouvrières$9(OLS)http://semarc/publisher/30144 LEADER 01100nas a2200253 i 4500 001 000000248420 003 CaOOAMICUS 005 20170213000000.0 008 160322b2016 it uu u0 0ita r 013 $a227325 040 $aSeMil$bita 245 10$a[2016 : Gennaio-Giugno]. 260 $aRoma :$bStudium,$c2016. 300 $a480 p. ;$c23 cm. 500 $aArticoli con sintesi in italiano [Riassunto] e in inglese [Summary] in coda. 700 1 $aFondazione "Giuseppe Tovini" .$0(OLS)http://semarc/name/83075 774 0 $tUniversità cattoliche oggi. - Titolo dalla copertina.$z978-88-382-4410-0$w()288774 774 0 $tGenocidi nella storia. - Titolo dalla copertina.$z978-88-382-4411-7$w()289007 774 0 $tDesideri, figli, gender. - Titolo dalla copertina.$z978-88-382-4426-1$w()289396 850 $aSeMil 852 $aSeMil$W1$xVenegono$y1$m58 6 47$j198766$B198766$CSeMilBibl$Z2$F215950 $85 961 $aCambio: Scuola Cattolica 996 $6245$a[2016 : Gennaio-Giugno]$9(OLS)http://semarc/title/349780 996 $6260$aRoma :$bStudium$9(OLS)http://semarc/publisher/29617